វាយតំលៃលើប្រសិទ្ធភាពនៃថ្នាំកំចាត់សត្វល្ងិតដោយធម្មជាតិសំរាប់កសិករក្រីក្រនៅខេត្តកំពង់ឆ្នាំង (Record no. 205)
[ view plain ]
| 000 -LEADER | |
|---|---|
| fixed length control field | 00656nam a22001577a 4500 |
| 003 - CONTROL NUMBER IDENTIFIER | |
| control field | OSt |
| 005 - DATE AND TIME OF LATEST TRANSACTION | |
| control field | 20150910111405.0 |
| 008 - FIXED-LENGTH DATA ELEMENTS--GENERAL INFORMATION | |
| fixed length control field | 150910b xxu||||| |||| 00| 0 eng d |
| 040 ## - CATALOGING SOURCE | |
| Transcribing agency | RUA |
| 082 ## - DEWEY DECIMAL CLASSIFICATION NUMBER | |
| Classification number | AGR ចាន់1995 B0011 Or.1 |
| 100 ## - MAIN ENTRY--PERSONAL NAME | |
| 9 (RLIN) | 221 |
| Personal name | ចាន់សីុំថា |
| 245 ## - TITLE STATEMENT | |
| Title | វាយតំលៃលើប្រសិទ្ធភាពនៃថ្នាំកំចាត់សត្វល្ងិតដោយធម្មជាតិសំរាប់កសិករក្រីក្រនៅខេត្តកំពង់ឆ្នាំង |
| 260 ## - PUBLICATION, DISTRIBUTION, ETC. (IMPRINT) | |
| Place of publication, distribution, etc. | Phonm Penh |
| Name of publisher, distributor, etc. | RUA |
| Date of publication, distribution, etc. | 1995 |
| 300 ## - PHYSICAL DESCRIPTION | |
| Extent | 95p. |
| Other physical details | ill. |
| Dimensions | 29cm. |
| 942 ## - ADDED ENTRY ELEMENTS (KOHA) | |
| Source of classification or shelving scheme | |
| Koha item type | AGR |
| Price effective from | Date last seen | Permanent Location | Not for loan | Date acquired | Source of classification or shelving scheme | Koha item type | Barcode | Lost status | Damaged status | Withdrawn status | Current Location | Full call number |
|---|---|---|---|---|---|---|---|---|---|---|---|---|
| 2015-09-10 | 2015-09-10 | Library Block B | 2015-09-10 | AGR | RUA005071 | Library Block B | AGR ចាន់1995 B0011 Or.1 | |||||
| 2015-09-10 | 2015-09-10 | Library Block B | 2015-09-10 | AGR | RUA005070 | Library Block B | AGR ចាន់1995 B0011 Or.2 | |||||
| 2015-09-10 | 2015-09-10 | Library Block B | 2015-09-10 | AGR | RUA005142 | Library Block B | AGR ចាន់1995 B0011 Or.3 | |||||
| 2015-09-10 | 2015-09-10 | Library Block B | 2015-09-10 | AGR | RUA004427 | Library Block B | AGR ចាន់1995 B0011 Or.4 | |||||
| 2015-09-10 | 2015-09-10 | Library Block B | 2015-09-10 | AGR | RUA003896 | Library Block B | AGR ចាន់1995 B0011 Or.5 | |||||
| 2015-09-10 | 2015-09-10 | Library Block B | 2015-09-10 | AGR | RUA003064 | Library Block B | AGR ចាន់1995 B0011 Or.6 | |||||
| 2015-09-10 | 2015-09-10 | Library Block B | 2015-09-10 | AGR | RUA005214 | Library Block B | AGR ចាន់1995 B0011 Or.7 | |||||
| 2015-09-10 | 2015-09-10 | Library Block B | 2015-09-10 | AGR | RUA005803 | Library Block B | AGR ចាន់1995 B0011 Or.8 |